000 00705nam a22002652 4500
001 0000024677
003
005 20151217161504.0
008 140124s xx 000 0 eng d
010 _a
020 _a
_c$
040 _aYour Holding Symbol
_cYour Holding Symbol
100 1 _aKitur, Joseph,
_d
_@0000182373
245 1 0 _aNew world translation of the holy scriptures :
_binconsistencies and contradictions /
_clecture notes.
250 _a ed.
260 _a
_b
_c
300 _a45 p. :
_b
_c cm.
440 0 _a
500 _aPersonal handout: Rev. Kitur.
500 _aBIBL 421: Cults.
650 0 _a
_x
690 _a
908 _a140124
999 _c15334
_d15334